Countries with Wolves - Statistics

General Stats
  • This quiz has been taken 368 times
    253 since last reset
  • The average score is 64 of 68
Answers on the Map
Answers color-coded by a green-red scale on the quiz's map according to % correct below.
 
Answer Stats
Number of Wolves Country % Correct
27,800 Russia
100%
61,200 Canada
99%
210 Finland
99%
300 France
99%
1,500 Germany
99%
120 Norway
99%
2,900 Poland
99%
470 Sweden
99%
18,900 United States
99%
10,900 China
98%
570 Denmark (including Greenland)
98%
1,200 Greece
98%
4,300 India
98%
2,000 Italy
98%
32,100 Kazakhstan
98%
20 Mexico
98%
11,600 Mongolia
98%
2,300 Spain
98%
6,800 Turkey
98%
2 Austria
97%
1,900 Belarus
97%
7 Belgium
97%
190 Estonia
97%
1,300 Iran
97%
250 Portugal
97%
70 Serbia
97%
90 Switzerland
97%
2,200 Ukraine
97%
20 Czech Republic
96%
120 Iraq
96%
600 Latvia
96%
190 Lithuania
96%
8 Nepal
96%
730 Pakistan
96%
2,700 Romania
96%
410 Slovakia
96%
40 Slovenia
96%
20 Afghanistan
95%
990 Bulgaria
95%
180 Croatia
95%
310 Hungary
95%
190 Albania
94%
420 Bosnia and Herzegovina
94%
30 Netherlands
94%
1,600 North Macedonia
94%
110 Syria-Kurdistan
94%
2,700 Turkmenistan
94%
2,100 Uzbekistan
94%
190 Kosovo
93%
4,100 Kyrgyzstan
93%
8 Montenegro
93%
390 Saudi Arabia
92%
2 Bhutan
91%
1,200 Tajikistan
91%
9 Egypt
90%
170 Israel-Palestine
89%
570 Jordan
89%
9 Moldova
89%
1,500 Brazil
87%
970 Argentina
86%
50 Lebanon
84%
2 Libya
84%
2 Luxembourg
82%
110 Uruguay
82%
2 Kuwait
81%
870 Paraguay
81%
70 Bolivia
80%
1 Liechtenstein
75%
No matching quizzes found
Score Distribution
Percent of People with Each Score
Percentile by Number Answered
Your Score History
You have not taken this quiz since the last reset